[Event "ESTCC 65 2019"]
[Site "Mali Losinj"]
[Date "2019.09.25"]
[Round "8.14"]
[White "Nielsen, Jorgen Lovgren"]
[Black "Wahlbom, Magnus"]
[Result "0-1"]
[WhiteElo "2052"]
[BlackElo "2255"]
[Annotator "NA"]
[PlyCount "110"]
[EventDate "2019.09.18"]
[EventType "team-tourn"]
[EventCountry "CRO"]
[SourceTitle "playchess.com"]
[Source "ChessBase"]
[SourceQuality "1"]
[WhiteTeam "Denmark"]
[BlackTeam "Sweden"]
[WhiteTeamCountry "DEN"]
[BlackTeamCountry "SWE"]
[TimeControl "40/5400+30:1800+30"]

1. e4 {[%emt 0:00:30]} c5 {[%emt 0:00:30]} 2. Nf3 {[%emt 0:00:00]} d6 {[%emt 0:00:00]} 3. d4 {[%emt 0:00:00]} cxd4 {[%emt 0:00:00]} 4. Nxd4 {[%emt 0:00:30]} Nf6 {[%emt 0:00:30]} 5. Nc3 {[%emt 0:00:30]} a6 {[%emt 0:00:00]} 6. Be2 {[%emt 0:00:30]} e6 {[%emt 0:01:00]} 7. O-O {[%emt 0:01:30]} Be7 {[%emt 0:01:30]} 8. Be3 {[%emt 0:01:30]} Qc7 {[%emt 0:02:30]} 9. f4 {[%emt 0:06:30]} O-O {[%emt 0:05:30]} 10. Bf3 {[%emt 0:01:30]} Nc6 {[%emt 0:04:30]} 11. Nb3 {[%emt 0:02:30]} b5 {[%emt 0:09:30]} 12. a3 {[%emt 0:04:30]} Bb7 {[%emt 0:01:30]} 13. Qd2 {[%emt 0:00:30]} Rfe8 {[%emt 0:07:30]} 14. Qf2 {[%emt 0:02:30]} Rab8 {[%emt 0:10:30]} 15. Bb6 {[%emt 0:01:30]} Qc8 {[%emt 0:00:30]} 16. Rad1 {[%emt 0:03:30]} Ba8 {[%emt 0:02:30]} 17. Be3 {[%emt 0:02:30]} Qc7 {[%emt 0:09:30]} 18. g4 {[%emt 0:05:30]} Nd7 {[%emt 0:01:30]} 19. g5 {[%emt 0:04:30]} Bf8 {[%emt 0:04:30]} 20. h4 {[%emt 0:02:30]} Nb6 {[%emt 0:01:30]} 21. Kh1 {[%emt 0:02:30]} Nc4 {[%emt 0:03:30]} 22. Bc1 {[%emt 0:00:30]} Qb6 {[%emt 0:05:30]} 23. Qe2 {[%emt 0:03:30]} g6 {[%emt 0:02:30]} 24. h5 {[%emt 0:03:30]} Bg7 {[%emt 0:01:30]} 25. hxg6 {[%emt 0:02:30]} hxg6 {[%emt 0:00:30]} 26. Qd3 {[%emt 0:03:30]} Rbc8 {[%emt 0:01:30]} 27. Bg2 {[%emt 0:03:30]} a5 {[%emt 0:03:42]} 28. a4 {[%emt 0:09:30]} Nb4 {[%emt 0:01:26]} 29. Qh3 {[%emt 0:05:30]} bxa4 {[%emt 0:01:41]} 30. Nxa4 {[%emt 0:00:30]} Qc6 {[%emt 0:00:14]} 31. Nc3 {[%emt 0:01:30]} Nxc2 {[%emt 0:02:07]} 32. Rf2 {[%emt 0:00:30]} Qb6 {[%emt 0:01:48]} 33. Rxc2 {[%emt 0:01:30]} Qxb3 {[%emt 0:00:09]} 34. Qd3 {[%emt 0:00:30]} Red8 {[%emt 0:02:17]} 35. f5 {[%emt 0:07:11]} Ne5 {[%emt 0:01:05]} 36. Qe2 {[%emt 0:00:14]} exf5 {[%emt 0:00:29]} 37. exf5 {[%emt 0:00:34]} Bxg2+ {[%emt 0:00:24]} 38. Qxg2 {[%emt 0:01:27]} gxf5 {[%emt 0:00:25]} 39. Rf1 {[%emt 0:00:44]} Rc4 {[%emt 0:00:16]} 40. Bf4 {[%emt 0:01:48]} Ng6 {[%emt 0:00:24]} 41. Rcf2 {[%emt 0:34:00]} Bxc3 {[%emt 0:36:07]} 42. bxc3 {[%emt 0:00:52]} Rxc3 {[%emt 0:00:18]} 43. Rb2 {[%emt 0:01:40]} Qc4 {[%emt 0:00:32]} 44. Bh2 {[%emt 0:02:22]} Rc1 {[%emt 0:03:41]} 45. Rbf2 {[%emt 0:00:36]} f4 {[%emt 0:02:40]} 46. Qf3 {[%emt 0:00:00]} Rxf1+ {[%emt 0:00:00]} 47. Rxf1 {[%emt 0:00:00]} d5 {[%emt 0:00:00]} 48. Bxf4 {[%emt 0:00:00]} Qxf4 {[%emt 0:00:00]} 49. Qxf4 {[%emt 0:00:00]} Nxf4 {[%emt 0:00:00]} 50. Rxf4 {[%emt 0:00:00]} d4 {[%emt 0:00:00]} 51. Rf2 {[%emt 0:00:00]} d3 {[%emt 0:00:00]} 52. Rd2 {[%emt 0:00:00]} a4 {[%emt 0:00:00]} 53. Kg2 {[%emt 0:00:00]} a3 {[%emt 0:00:00]} 54. Kf2 {[%emt 0:00:00]} a2 {[%emt 0:00:00]} 55. Rd1 {[%emt 0:00:00]} Re8 {[%emt 0:00:00]} 0-1

[Event "ESTCC 65 2019"]
[Site "Mali Losinj"]
[Date "2019.09.25"]
[Round "8.15"]
[White "Hammar, Bengt"]
[Black "Nielsen, Preben Lovgren"]
[Result "1-0"]
[WhiteElo "2161"]
[BlackElo "2007"]
[Annotator "NA"]
[PlyCount "51"]
[EventDate "2019.09.18"]
[EventType "team-tourn"]
[EventCountry "CRO"]
[SourceTitle "playchess.com"]
[Source "ChessBase"]
[SourceQuality "1"]
[WhiteTeam "Sweden"]
[BlackTeam "Denmark"]
[WhiteTeamCountry "SWE"]
[BlackTeamCountry "DEN"]
[TimeControl "40/5400+30:1800+30"]

1. e4 {[%emt 0:00:30]} e5 {[%emt 0:00:30]} 2. Nf3 {[%emt 0:00:30]} Nc6 {[%emt 0:00:00]} 3. Bb5 {[%emt 0:00:30]} a6 {[%emt 0:00:00]} 4. Ba4 {[%emt 0:00:30]} b5 {[%emt 0:00:30]} 5. Bb3 {[%emt 0:00:00]} Na5 {[%emt 0:00:00]} 6. O-O {[%emt 0:04:00]} d6 {[%emt 0:00:00]} 7. d4 {[%emt 0:03:30]} Nxb3 {[%emt 0:01:30]} 8. axb3 {[%emt 0:00:30]} exd4 {[%emt 0:00:30]} 9. Nxd4 {[%emt 0:00:30]} Bb7 {[%emt 0:00:30]} 10. c4 {[%emt 0:01:30]} b4 {[%emt 0:03:30]} 11. Re1 {[%emt 0:02:30]} Qd7 {[%emt 0:08:30]} 12. Nd2 {[%emt 0:12:30]} O-O-O {[%emt 0:01:30]} 13. Nc2 {[%emt 0:01:30]} c5 {[%emt 0:01:30]} 14. Ne3 {[%emt 0:00:30]} Nf6 {[%emt 0:01:30]} 15. Nd5 {[%emt 0:00:30]} Nxd5 {[%emt 0:00:30]} 16. cxd5 {[%emt 0:00:30]} Kb8 {[%emt 0:07:30]} 17. Nc4 {[%emt 0:00:30]} f5 {[%emt 0:03:30]} 18. f3 {[%emt 0:08:30]} h6 {[%emt 0:02:30]} 19. Qd3 {[%emt 0:01:30]} Qf7 {[%emt 0:02:30]} 20. Na5 {[%emt 0:01:30]} fxe4 {[%emt 0:12:30]} 21. fxe4 {[%emt 0:00:30]} Qc7 {[%emt 0:00:30]} 22. Nxb7 {[%emt 0:02:30]} Qxb7 {[%emt 0:00:30]} 23. Rxa6 {[%emt 0:00:30]} g5 {[%emt 0:02:30]} 24. Be3 {[%emt 0:02:30]} Bg7 {[%emt 0:00:30]} 25. Rea1 {[%emt 0:00:30]} Be5 {[%emt 0:03:30]} 26. R1a5 {[%emt 0:00:30]} 1-0

[Event "ESTCC 65 2019"]
[Site "Mali Losinj"]
[Date "2019.09.25"]
[Round "8.16"]
[White "Fabrin, Morten"]
[Black "Malmdin, Nils-Ake"]
[Result "0-1"]
[WhiteElo "1998"]
[BlackElo "2142"]
[Annotator "NA"]
[PlyCount "80"]
[EventDate "2019.09.18"]
[EventType "team-tourn"]
[EventCountry "CRO"]
[SourceTitle "playchess.com"]
[Source "ChessBase"]
[SourceQuality "1"]
[WhiteTeam "Denmark"]
[BlackTeam "Sweden"]
[WhiteTeamCountry "DEN"]
[BlackTeamCountry "SWE"]
[TimeControl "40/5400+30:1800+30"]

1. c4 {[%emt 0:00:30]} c5 {[%emt 0:00:30]} 2. Nc3 {[%emt 0:00:00]} b6 {[%emt 0:01:30]} 3. Nf3 {[%emt 0:01:00]} Bb7 {[%emt 0:00:00]} 4. e4 {[%emt 0:02:30]} g6 {[%emt 0:01:00]} 5. d4 {[%emt 0:00:30]} cxd4 {[%emt 0:00:30]} 6. Nxd4 {[%emt 0:00:30]} Bg7 {[%emt 0:00:30]} 7. Be3 {[%emt 0:00:30]} Nf6 {[%emt 0:05:30]} 8. f3 {[%emt 0:00:30]} d6 {[%emt 0:03:30]} 9. Be2 {[%emt 0:00:30]} Nbd7 {[%emt 0:01:30]} 10. Qd2 {[%emt 0:01:30]} h6 {[%emt 0:08:30]} 11. Rc1 {[%emt 0:01:30]} a6 {[%emt 0:00:30]} 12. b3 {[%emt 0:01:30]} Nc5 {[%emt 0:04:30]} 13. O-O {[%emt 0:01:30]} Rc8 {[%emt 0:10:30]} 14. Rfd1 {[%emt 0:02:30]} h5 {[%emt 0:15:30]} 15. Nc2 {[%emt 0:02:30]} Ncd7 {[%emt 0:03:30]} 16. Nb4 {[%emt 0:01:30]} O-O {[%emt 0:02:30]} 17. Nbd5 {[%emt 0:02:30]} Kh7 {[%emt 0:02:30]} 18. Nxf6+ {[%emt 0:01:30]} Nxf6 {[%emt 0:00:30]} 19. e5 {[%emt 0:01:30]} dxe5 {[%emt 0:04:30]} 20. Qxd8 {[%emt 0:01:30]} Rfxd8 {[%emt 0:00:00]} 21. Bxb6 {[%emt 0:00:30]} Rd6 {[%emt 0:00:00]} 22. c5 {[%emt 0:00:30]} Rd4 {[%emt 0:05:30]} 23. Bc4 {[%emt 0:01:30]} e6 {[%emt 0:01:30]} 24. Ne2 {[%emt 0:01:30]} Rxd1+ {[%emt 0:00:30]} 25. Rxd1 {[%emt 0:00:30]} Nd5 {[%emt 0:00:30]} 26. Bxd5 {[%emt 0:00:30]} exd5 {[%emt 0:00:00]} 27. Nc3 {[%emt 0:01:30]} d4 {[%emt 0:03:00]} 28. Ne4 {[%emt 0:00:30]} Bxe4 {[%emt 0:01:30]} 29. fxe4 {[%emt 0:00:30]} f5 {[%emt 0:00:00]} 30. exf5 {[%emt 0:00:30]} gxf5 {[%emt 0:00:00]} 31. b4 {[%emt 0:00:30]} e4 {[%emt 0:00:30]} 32. Kf2 {[%emt 0:01:30]} d3 {[%emt 0:07:31]} 33. g3 {[%emt 0:00:30]} Bd4+ {[%emt 0:00:40]} 34. Kf1 {[%emt 0:00:30]} Bc3 {[%emt 0:00:43]} 35. a3 {[%emt 0:00:30]} Bb2 {[%emt 0:00:44]} 36. a4 {[%emt 0:01:30]} Bc3 {[%emt 0:05:23]} 37. b5 {[%emt 0:00:30]} axb5 {[%emt 0:00:33]} 38. axb5 {[%emt 0:00:30]} Bd4 {[%emt 0:00:26]} 39. Rc1 {[%emt 0:01:30]} Be3 {[%emt 0:01:05]} 40. Rc4 {[%emt 0:00:30]} Ra8 {[%emt 0:00:26]} 0-1

[Event "ESTCC 65 2019"]
[Site "Mali Losinj"]
[Date "2019.09.25"]
[Round "8.17"]
[White "Huss, Andreas"]
[Black "Grahn, Lars"]
[Result "1/2-1/2"]
[WhiteElo "2261"]
[BlackElo "2024"]
[Annotator "ChessBase"]
[PlyCount "98"]
[EventDate "2019.09.18"]
[EventType "team-tourn"]
[EventCountry "CRO"]
[SourceTitle "playchess.com"]
[Source "ChessBase"]
[SourceQuality "1"]
[WhiteTeam "Switzerland"]
[BlackTeam "Sweden"]
[WhiteTeamCountry "SUI"]
[BlackTeamCountry "SWE"]
[TimeControl "40/5400+30:1800+30"]

1. d4 {[%emt 0:00:30]} f5 {[%emt 0:00:30]} 2. Nc3 {[%emt 0:00:00]} Nf6 {[%emt 0:00:00]} 3. Bg5 {[%emt 0:00:00]} d5 {[%emt 0:00:00]} 4. e3 {[%emt 0:00:30]} e6 {[%emt 0:06:30]} 5. Nce2 {[%emt 0:00:30]} Be7 {[%emt 0:01:30]} 6. Bxf6 {[%emt 0:01:30]} Bxf6 {[%emt 0:00:30]} 7. f4 {[%emt 0:00:30]} c5 {[%emt 0:04:30]} 8. c3 {[%emt 0:00:30]} b6 {[%emt 0:02:30]} 9. Nc1 {[%emt 0:04:30]} O-O {[%emt 0:01:30]} 10. Nf3 {[%emt 0:01:30]} c4 {[%emt 0:09:30]} 11. Be2 {[%emt 0:06:30]} Nc6 {[%emt 0:01:30]} 12. O-O {[%emt 0:06:30]} Bd7 {[%emt 0:03:30]} 13. b4 {[%emt 0:03:30]} b5 {[%emt 0:04:30]} 14. Ne5 {[%emt 0:09:30]} a5 {[%emt 0:10:30]} 15. bxa5 {[%emt 0:19:30]} Rxa5 {[%emt 0:01:30]} 16. Bf3 {[%emt 0:01:30]} Ra3 {[%emt 0:07:30]} 17. Ne2 {[%emt 0:01:30]} Bxe5 {[%emt 0:02:30]} 18. dxe5 {[%emt 0:02:30]} Qa5 {[%emt 0:02:30]} 19. Qd2 {[%emt 0:00:30]} Ne7 {[%emt 0:08:30]} 20. Rfc1 {[%emt 0:07:30]} Ra8 {[%emt 0:02:30]} 21. Rc2 {[%emt 0:00:30]} Rb8 {[%emt 0:08:30]} 22. Rb1 {[%emt 0:01:30]} Ra8 {[%emt 0:02:40]} 23. Rbb2 {[%emt 0:01:30]} Rb8 {[%emt 0:02:39]} 24. h3 {[%emt 0:03:30]} Ra4 {[%emt 0:01:16]} 25. Rc1 {[%emt 0:03:30]} Ra8 {[%emt 0:02:30]} 26. Ra1 {[%emt 0:00:30]} Rb8 {[%emt 0:00:25]} 27. Kh2 {[%emt 0:01:30]} Kh8 {[%emt 0:02:33]} 28. Nd4 {[%emt 0:02:30]} Ra3 {[%emt 0:02:47]} 29. Rc1 {[%emt 0:00:52]} Ra8 {[%emt 0:00:54]} 30. Rcc2 {[%emt 0:04:05]} Rb8 {[%emt 0:00:41]} 31. g4 {[%emt 0:01:21]} g6 {[%emt 0:00:36]} 32. Qe1 {[%emt 0:01:20]} Qd8 {[%emt 0:04:52]} 33. Qh4 {[%emt 0:02:03]} Nc6 {[%emt 0:00:34]} 34. Qe1 {[%emt 0:06:13]} Nxd4 {[%emt 0:00:22]} 35. exd4 {[%emt 0:00:07]} b4 {[%emt 0:01:16]} 36. Qb1 {[%emt 0:01:36]} b3 {[%emt 0:00:23]} 37. axb3 {[%emt 0:01:17]} Raxb3 {[%emt 0:00:08]} 38. Rxb3 {[%emt 0:00:56]} Rxb3 {[%emt 0:00:32]} 39. Qe1 {[%emt 0:01:21]} Qe7 {[%emt 0:02:01]} 40. gxf5 {[%emt 0:00:57]} gxf5 {[%emt 0:00:36]} 41. Rg2 {[%emt 0:01:22]} Qf8 {[%emt 0:07:15]} 42. Bh5 {[%emt 0:05:30]} Be8 {[%emt 0:00:30]} 43. Bd1 {[%emt 0:06:30]} Rb1 {[%emt 0:02:30]} 44. Qd2 {[%emt 0:00:30]} Qh6 {[%emt 0:01:30]} 45. Be2 {[%emt 0:05:30]} Qh4 {[%emt 0:02:30]} 46. Qe3 {[%emt 0:00:55]} Re1 {[%emt 0:02:47]} 47. Qd2 {[%emt 0:05:48]} Bg6 {[%emt 0:04:38]} 48. Bf3 {[%emt 0:02:11]} Rb1 {[%emt 0:04:51]} 49. Rg3 {[%emt 0:00:43]} Rb3 {[%emt 0:02:28]} 1/2-1/2

[Event "ESTCC 65 2019"]
[Site "Mali Losinj"]
[Date "2019.09.25"]
[Round "8.18"]
[White "Wademark, Helge"]
[Black "Vucenovic, Dragomir"]
[Result "0-1"]
[WhiteElo "1994"]
[BlackElo "2154"]
[Annotator "NA"]
[PlyCount "60"]
[EventDate "2019.09.18"]
[EventType "team-tourn"]
[EventCountry "CRO"]
[SourceTitle "playchess.com"]
[Source "ChessBase"]
[SourceQuality "1"]
[WhiteTeam "Sweden"]
[BlackTeam "Switzerland"]
[WhiteTeamCountry "SWE"]
[BlackTeamCountry "SUI"]
[TimeControl "40/5400+30:1800+30"]

1. e4 {[%emt 0:00:30]} e5 {[%emt 0:00:30]} 2. Nf3 {[%emt 0:00:00]} Nc6 {[%emt 0:00:30]} 3. Bc4 {[%emt 0:00:00]} Bc5 {[%emt 0:00:00]} 4. c3 {[%emt 0:00:30]} Nf6 {[%emt 0:01:00]} 5. d4 {[%emt 0:00:00]} exd4 {[%emt 0:00:30]} 6. e5 {[%emt 0:01:00]} d5 {[%emt 0:00:30]} 7. Bb5 {[%emt 0:00:30]} Ne4 {[%emt 0:00:30]} 8. cxd4 {[%emt 0:00:30]} Be7 {[%emt 0:03:30]} 9. O-O {[%emt 0:06:30]} O-O {[%emt 0:01:30]} 10. Be3 {[%emt 0:02:30]} f5 {[%emt 0:04:30]} 11. exf6 {[%emt 0:02:30]} Bxf6 {[%emt 0:00:30]} 12. Bxc6 {[%emt 0:10:30]} bxc6 {[%emt 0:00:30]} 13. Ne5 {[%emt 0:00:00]} Qe8 {[%emt 0:12:30]} 14. Nd3 {[%emt 0:11:00]} Nd6 {[%emt 0:14:30]} 15. b3 {[%emt 0:04:30]} Nf5 {[%emt 0:00:30]} 16. Re1 {[%emt 0:00:30]} Nxe3 {[%emt 0:01:30]} 17. fxe3 {[%emt 0:00:30]} Qg6 {[%emt 0:04:30]} 18. Nc3 {[%emt 0:01:30]} Bg4 {[%emt 0:01:30]} 19. Qd2 {[%emt 0:01:30]} Rae8 {[%emt 0:02:30]} 20. Nf4 {[%emt 0:03:30]} Qh6 {[%emt 0:01:30]} 21. Rf1 {[%emt 0:04:30]} Bg5 {[%emt 0:02:30]} 22. g3 {[%emt 0:05:30]} Bc8 {[%emt 0:03:30]} 23. Rae1 {[%emt 0:00:30]} Qd6 {[%emt 0:14:30]} 24. Na4 {[%emt 0:03:30]} h5 {[%emt 0:03:30]} 25. Nxh5 {[%emt 0:04:30]} Rxf1+ {[%emt 0:00:30]} 26. Kxf1 {[%emt 0:00:00]} Bh3+ {[%emt 0:03:30]} 27. Kg1 {[%emt 0:00:00]} Qe6 {[%emt 0:00:30]} 28. Kf2 {[%emt 0:04:30]} Qe4 {[%emt 0:01:30]} 29. Nf4 {[%emt 0:01:30]} Bxf4 {[%emt 0:00:30]} 30. gxf4 {[%emt 0:00:00]} Qg2# {[%emt 0:00:00]} 0-1

[Event "ESTCC 65 2019"]
[Site "Mali Losinj"]
[Date "2019.09.25"]
[Round "8.19"]
[White "Hohler, Peter"]
[Black "Bernhardsson, Sten"]
[Result "1/2-1/2"]
[WhiteElo "2047"]
[BlackElo "1956"]
[Annotator "NA"]
[PlyCount "56"]
[EventDate "2019.09.18"]
[EventType "team-tourn"]
[EventCountry "CRO"]
[SourceTitle "playchess.com"]
[Source "ChessBase"]
[SourceQuality "1"]
[WhiteTeam "Switzerland"]
[BlackTeam "Sweden"]
[WhiteTeamCountry "SUI"]
[BlackTeamCountry "SWE"]
[TimeControl "40/5400+30:1800+30"]

1. d4 {[%emt 0:00:30]} Nf6 {[%emt 0:00:30]} 2. c4 {[%emt 0:00:00]} e6 {[%emt 0:00:00]} 3. Nc3 {[%emt 0:01:00]} d5 {[%emt 0:00:00]} 4. cxd5 {[%emt 0:01:30]} exd5 {[%emt 0:00:30]} 5. Bg5 {[%emt 0:00:00]} Be7 {[%emt 0:00:30]} 6. e3 {[%emt 0:00:00]} O-O {[%emt 0:00:30]} 7. Bd3 {[%emt 0:00:30]} Nbd7 {[%emt 0:00:30]} 8. Nf3 {[%emt 0:02:30]} Re8 {[%emt 0:03:30]} 9. Qc2 {[%emt 0:01:30]} Nf8 {[%emt 0:03:30]} 10. O-O {[%emt 0:00:30]} c6 {[%emt 0:00:30]} 11. Rab1 {[%emt 0:01:30]} Ng4 {[%emt 0:05:30]} 12. Bxe7 {[%emt 0:00:30]} Qxe7 {[%emt 0:00:30]} 13. b4 {[%emt 0:02:30]} a6 {[%emt 0:00:30]} 14. a4 {[%emt 0:01:30]} Bd7 {[%emt 0:08:30]} 15. b5 {[%emt 0:13:30]} axb5 {[%emt 0:02:30]} 16. axb5 {[%emt 0:00:30]} Ng6 {[%emt 0:07:30]} 17. bxc6 {[%emt 0:02:30]} bxc6 {[%emt 0:01:30]} 18. Na4 {[%emt 0:06:30]} Nh4 {[%emt 0:03:30]} 19. Nxh4 {[%emt 0:13:30]} Qxh4 {[%emt 0:00:30]} 20. h3 {[%emt 0:00:30]} Nf6 {[%emt 0:07:30]} 21. Nb6 {[%emt 0:06:30]} Bxh3 {[%emt 0:05:30]} 22. Nxa8 {[%emt 0:08:30]} Bxg2 {[%emt 0:01:30]} 23. Kxg2 {[%emt 0:01:30]} Qg4+ {[%emt 0:01:30]} 24. Kh2 {[%emt 0:00:30]} Qh4+ {[%emt 0:00:30]} 25. Kg2 {[%emt 0:00:30]} Qg4+ {[%emt 0:00:30]} 26. Kh2 {[%emt 0:00:00]} Qh4+ {[%emt 0:00:30]} 27. Kg2 {[%emt 0:00:00]} Qg4+ {[%emt 0:00:30]} 28. Kh2 {[%emt 0:00:30]} Qh4+ {[%emt 0:00:30]} 1/2-1/2

[Event "ESTCC 65 2019"]
[Site "Mali Losinj"]
[Date "2019.09.25"]
[Round "8.20"]
[White "Nordenstrom, Sven"]
[Black "Illi, Hans-Joerg"]
[Result "1/2-1/2"]
[WhiteElo "1874"]
[BlackElo "1987"]
[Annotator "NA"]
[PlyCount "60"]
[EventDate "2019.09.18"]
[EventType "team-tourn"]
[EventCountry "CRO"]
[SourceTitle "playchess.com"]
[Source "ChessBase"]
[SourceQuality "1"]
[WhiteTeam "Sweden"]
[BlackTeam "Switzerland"]
[WhiteTeamCountry "SWE"]
[BlackTeamCountry "SUI"]
[TimeControl "40/5400+30:1800+30"]

1. c4 {[%emt 0:00:30]} e5 {[%emt 0:00:30]} 2. g3 {[%emt 0:00:30]} Nc6 {[%emt 0:01:30]} 3. Bg2 {[%emt 0:01:30]} f5 {[%emt 0:00:30]} 4. d3 {[%emt 0:00:30]} Nf6 {[%emt 0:00:30]} 5. Nc3 {[%emt 0:01:30]} Bb4 {[%emt 0:04:30]} 6. Bd2 {[%emt 0:03:30]} O-O {[%emt 0:04:30]} 7. e3 {[%emt 0:01:30]} Ne7 {[%emt 0:09:30]} 8. Qb3 {[%emt 0:03:30]} c5 {[%emt 0:11:30]} 9. Nge2 {[%emt 0:02:30]} d6 {[%emt 0:02:30]} 10. Rd1 {[%emt 0:02:30]} Rb8 {[%emt 0:04:30]} 11. O-O {[%emt 0:02:30]} Be6 {[%emt 0:05:30]} 12. Nd5 {[%emt 0:06:30]} Bxd2 {[%emt 0:01:30]} 13. Nxe7+ {[%emt 0:00:30]} Qxe7 {[%emt 0:00:30]} 14. Rxd2 {[%emt 0:00:30]} b5 {[%emt 0:04:30]} 15. Qc2 {[%emt 0:00:30]} d5 {[%emt 0:12:30]} 16. cxb5 {[%emt 0:02:30]} Rxb5 {[%emt 0:01:30]} 17. d4 {[%emt 0:12:30]} cxd4 {[%emt 0:07:30]} 18. exd4 {[%emt 0:00:30]} e4 {[%emt 0:02:30]} 19. Nf4 {[%emt 0:06:30]} Bf7 {[%emt 0:03:30]} 20. Re1 {[%emt 0:05:30]} Qb7 {[%emt 0:01:13]} 21. Bf1 {[%emt 0:02:30]} Rb4 {[%emt 0:04:09]} 22. Ng2 {[%emt 0:08:30]} Qb6 {[%emt 0:03:07]} 23. Qc3 {[%emt 0:00:30]} Be6 {[%emt 0:01:25]} 24. b3 {[%emt 0:02:30]} Rc8 {[%emt 0:01:40]} 25. Qb2 {[%emt 0:02:30]} a5 {[%emt 0:00:50]} 26. Qa1 {[%emt 0:06:30]} Nd7 {[%emt 0:03:47]} 27. Ne3 {[%emt 0:02:30]} Qa7 {[%emt 0:00:46]} 28. Nc2 {[%emt 0:00:30]} Rb6 {[%emt 0:01:16]} 29. Ne3 {[%emt 0:02:30]} Rb4 {[%emt 0:00:27]} 30. Nc2 {[%emt 0:00:00]} Rb6 {[%emt 0:01:43]} 1/2-1/2

[Event "ESTCC 65 2019"]
[Site "Mali Losinj"]
[Date "2019.09.25"]
[Round "8.21"]
[White "James, Kevin"]
[Black "Rooze, Jan"]
[Result "0-1"]
[WhiteElo "1959"]
[BlackElo "2281"]
[Annotator "NA"]
[PlyCount "26"]
[EventDate "2019.09.18"]
[EventType "team-tourn"]
[EventCountry "CRO"]
[SourceTitle "playchess.com"]
[Source "ChessBase"]
[SourceQuality "1"]
[WhiteTeam "Ireland"]
[BlackTeam "Belgium"]
[WhiteTeamCountry "IRL"]
[BlackTeamCountry "BEL"]
[TimeControl "40/5400+30:1800+30"]

1. d4 {[%emt 0:00:30]} Nf6 {[%emt 0:00:30]} 2. c4 {[%emt 0:00:00]} e6 {[%emt 0:00:00]} 3. Nc3 {[%emt 0:00:00]} Bb4 {[%emt 0:00:00]} 4. f3 {[%emt 0:00:00]} c5 {[%emt 0:00:00]} 5. d5 {[%emt 0:00:00]} O-O {[%emt 0:02:00]} 6. e4 {[%emt 0:00:30]} d6 {[%emt 0:03:30]} 7. Nge2 {[%emt 0:02:30]} b5 {[%emt 0:08:30]} 8. Ng3 {[%emt 0:02:30]} exd5 {[%emt 0:08:30]} 9. exd5 {[%emt 0:01:30]} Nbd7 {[%emt 0:07:30]} 10. Kf2 {[%emt 0:00:30]} bxc4 {[%emt 0:03:30]} 11. Nce4 {[%emt 0:10:30]} Nxe4+ {[%emt 0:01:30]} 12. fxe4 {[%emt 0:02:30]} Ne5 {[%emt 0:01:30]} 13. Bg5 {[%emt 0:02:30]} Qxg5 {[%emt 0:01:30]} 0-1

[Event "ESTCC 65 2019"]
[Site "Mali Losinj"]
[Date "2019.09.25"]
[Round "8.22"]
[White "Van Herck, Marcel"]
[Black "Egan, Colm"]
[Result "1-0"]
[WhiteElo "2088"]
[BlackElo "1710"]
[Annotator "NA"]
[PlyCount "61"]
[EventDate "2019.09.18"]
[EventType "team-tourn"]
[EventCountry "CRO"]
[SourceTitle "playchess.com"]
[Source "ChessBase"]
[SourceQuality "1"]
[WhiteTeam "Belgium"]
[BlackTeam "Ireland"]
[WhiteTeamCountry "BEL"]
[BlackTeamCountry "IRL"]
[TimeControl "40/5400+30:1800+30"]

1. d4 {[%emt 0:00:30]} c5 {[%emt 0:00:30]} 2. d5 {[%emt 0:00:30]} d6 {[%emt 0:00:30]} 3. e4 {[%emt 0:01:30]} e5 {[%emt 0:00:30]} 4. g3 {[%emt 0:15:30]} Nf6 {[%emt 0:03:30]} 5. Bg2 {[%emt 0:00:00]} Be7 {[%emt 0:01:30]} 6. Nc3 {[%emt 0:03:00]} Bd7 {[%emt 0:02:30]} 7. a4 {[%emt 0:00:30]} Na6 {[%emt 0:01:30]} 8. f4 {[%emt 0:12:30]} Bg4 {[%emt 0:08:30]} 9. Bf3 {[%emt 0:03:30]} Bxf3 {[%emt 0:02:30]} 10. Nxf3 {[%emt 0:00:30]} exf4 {[%emt 0:01:30]} 11. gxf4 {[%emt 0:01:30]} Ng4 {[%emt 0:01:30]} 12. O-O {[%emt 0:01:30]} Bf6 {[%emt 0:01:30]} 13. Qe2 {[%emt 0:04:30]} O-O {[%emt 0:01:30]} 14. h3 {[%emt 0:00:30]} Nh6 {[%emt 0:02:30]} 15. Be3 {[%emt 0:36:16]} Re8 {[%emt 0:14:30]} 16. Ng5 {[%emt 0:00:10]} Nb4 {[%emt 0:01:30]} 17. Rae1 {[%emt 0:02:02]} Qd7 {[%emt 0:05:30]} 18. Qg2 {[%emt 0:01:10]} a6 {[%emt 0:08:30]} 19. Kh2 {[%emt 0:00:45]} b5 {[%emt 0:03:30]} 20. axb5 {[%emt 0:00:31]} axb5 {[%emt 0:00:00]} 21. Rf3 {[%emt 0:00:15]} Na6 {[%emt 0:05:00]} 22. e5 {[%emt 0:01:23]} Bxg5 {[%emt 0:14:04]} 23. Qxg5 {[%emt 0:00:19]} Qf5 {[%emt 0:00:42]} 24. Rg1 {[%emt 0:01:40]} Qxc2+ {[%emt 0:02:00]} 25. Rg2 {[%emt 0:00:10]} Qg6 {[%emt 0:00:22]} 26. Nxb5 {[%emt 0:04:10]} Nf5 {[%emt 0:03:20]} 27. Bf2 {[%emt 0:03:21]} dxe5 {[%emt 0:01:10]} 28. fxe5 {[%emt 0:00:34]} Rxe5 {[%emt 0:00:38]} 29. Qf4 {[%emt 0:00:56]} Qf6 {[%emt 0:09:18]} 30. Bh4 {[%emt 0:00:14]} Qxh4 {[%emt 0:00:56]} 31. Qxe5 {[%emt 0:00:07]} 1-0